| 000 | 01320cam a2200241 4500 | ||
|---|---|---|---|
| 001 | ABS66105 | ||
| 008 | 021028n2002 000 0 eng u | ||
| 035 | _a(Sirsi) u120273 | ||
| 100 | _aAsson, T | ||
| 245 | _aReal estate partnerships: a new approach to corporate real estate outsourcing | ||
| 260 | _c2002 | ||
| 490 |
_aJournal of Corporate Real Estate _v4(4) September 2002, 327-333(8) |
||
| 520 | _aQuestions whether carrying out the 'sale-and-leaseback' of corporate real estate is compatible with achieving the flexibility and cost effectiveness that companies need in the operation of their facilities. It looks at the advantages and disadvantages of sale-and-leaseback transactions and analyses how these compare with achieving wider business planning issues. Also reports on new real estate techniques pioneered by corporate real estate partnerships (REPs) transactions in Europe and examines whether this form of outsourcing is more in harmony with the goals of the modern corporate. Figures. [TAKEN FROM JOURNAL HEADNOTE] | ||
| 590 | _aABS | ||
| 650 | _aREAL ESTATE | ||
| 650 | _aCORPORATE REAL ESTATE | ||
| 650 | _aOUTSOURCING | ||
| 650 | _aSALE AND LEASEBACK | ||
| 650 | _aREAL ESTATE PARTNERSHIPS | ||
| 650 | _aREPS | ||
| 690 | _aPROPERTY MANAGEMENT-CORPORATE REAL ESTATE | ||
| 942 | _n0 | ||
| 999 |
_c71457 _d71457 |
||